[Event "Open"]
[Site "Ano Liosia GRE"]
[Date "2000.12.28"]
[Round "2"]
[White "Kokolias,K"]
[Black "Vysochin,S"]
[Result "0-1"]
[WhiteElo "2097"]
[BlackElo "2511"]

1.e4 e6 2.d4 d5 3.Nd2 Be7 4.Ngf3 Nf6 5.Bd3 c5 6.e5 Nfd7 7.c3 Nc6 8.O-O Qb6
9.Qe2 cxd4 10.cxd4 Nxd4 11.Nxd4 Qxd4 12.Nf3 Qb6 13.Be3 Qd8 14.Rac1 O-O 15.Bd4 b6
16.a3 Nc5 17.b4 Nxd3 18.Qxd3 Bd7 19.Qa6 Qe8 20.Rc7 Bb5 21.Qb7 Bxf1 22.Rxe7 Ba6
23.Rxe8 Bxb7 24.Re7 Bc6 25.Kf1 Rfc8  0-1

[Event "17th Open"]
[Site "Boblinger GER"]
[Date "2000.12.29"]
[Round "6"]
[White "Luther,T"]
[Black "Duppel,M"]
[Result "1-0"]
[WhiteElo "2547"]
[BlackElo "2376"]

1.e4 e6 2.d4 d5 3.Nd2 Be7 4.Bd3 c5 5.dxc5 Nf6 6.Qe2 Nc6 7.Ngf3 Nb4 8.O-O Nxd3
9.cxd3 Bxc5 10.Nb3 Be7 11.Bg5 h6 12.Bh4 Bd7 13.e5 Ng8 14.Bxe7 Nxe7 15.Nc5 Bc6
16.Nd4 Qb6 17.Rfc1 O-O 18.a3 a5 19.Rc3 Rfc8 20.Rac1 Be8 21.Qd2 Rc7 22.R3c2 a4
23.Ne2 Qa5 24.Qd1 Qa7 25.d4 Rac8 26.Ng3 Bb5 27.Nh5 b6 28.Nd3 Nf5 29.Ne1 Rxc2
30.Rxc2 Rxc2 31.Nxc2 Bc4 32.Ne3 Bb3 33.Qg4 Qa5 34.h3 Qe1+ 35.Kh2 g6 36.Nf6+ Kg7
37.Qf4 Qe2 38.Nfg4 g5 39.Nxf5+ exf5 40.Qxf5  1-0

[Event "1st Wilhelm Steinitz Mem"]
[Site "Prague CZE"]
[Date "2000.12.29"]
[Round "4"]
[White "Chernyshov,K"]
[Black "Hausner,I"]
[Result "1/2-1/2"]
[WhiteElo "2536"]
[BlackElo "2412"]

1.e4 e6 2.d4 d5 3.Nd2 Be7 4.Ngf3 Nf6 5.e5 Nfd7 6.Bd3 c5 7.c3 Nc6 8.b3 a5
9.O-O a4 10.c4 cxd4 11.cxd5 exd5 12.bxa4 Ndxe5 13.Nxe5 Nxe5 14.Bb5+ Nc6 15.Nb3 O-O
16.Bb2 Bf6 17.Rc1 Qd6 18.Qd2 Re8 19.a5 Re4 20.Nc5 Rg4 21.a6 bxa6 22.Bxc6 Qxc6
23.f3 Rg6 24.Ne4 Qb6 25.Nxf6+ Qxf6 26.Bxd4 Qg5 27.f4 Qf5 28.Rce1 Re6 29.Qc3 f6
30.Qc7 h5 31.h3 Kh7 32.Kh2 Re4 33.Rxe4 dxe4 34.Rc1 Be6 35.Rc5 Rc8 36.Rxf5 Rxc7
37.Rxh5+ Kg8 38.Ra5 Rc2 39.Rxa6  1/2-1/2

[Event "Open"]
[Site "Ano Liosia GRE"]
[Date "2000.12.30"]
[Round "4"]
[White "Belov,V"]
[Black "Vysochin,S"]
[Result "0-1"]
[WhiteElo "2470"]
[BlackElo "2511"]

1.e4 e6 2.d4 d5 3.Nd2 Be7 4.Bd3 c5 5.dxc5 Nd7 6.b4 a5 7.exd5 exd5 8.a3 axb4
9.Bb2 bxa3 10.Bxg7 Bf6 11.Bxh8 Bxh8 12.Ra2 Nxc5 13.Ne2 Ne7 14.O-O Nc6 15.Nb1 Bb2
16.Nxa3 Bxa3 17.Qa1 Nxd3 18.cxd3 Qd6 19.Qh8+ Kd7 20.Nc3 Ra5 21.Qxh7 Qg6 22.Qh3+ Qe6
23.Qf3 d4 24.Nd5 Qxd5 25.Qxd5+ Rxd5 26.Rxa3 b5 27.h4 b4 28.Rb3 Kd6 29.f3 Rh5
30.g3 Be6 31.Rb2 b3 32.Kf2 Nb4 33.Ke2 Re5+ 34.Kd1 Nxd3 35.Rd2 Bc4  0-1

[Event "Open"]
[Site "Ano Liosia GRE"]
[Date "2001.01.02"]
[Round "6"]
[White "Nikolaidis,K"]
[Black "Vysochin,S"]
[Result "0-1"]
[WhiteElo "2308"]
[BlackElo "2511"]

1.e4 e6 2.d4 d5 3.Nd2 Be7 4.Ngf3 Nf6 5.Bd3 c5 6.exd5 exd5 7.dxc5 Bxc5 8.O-O O-O
9.Nb3 Bb6 10.Bg5 Nc6 11.c3 Bg4 12.h3 Bh5 13.Be2 Re8 14.Nfd4 Bxe2 15.Nxe2 h6
16.Bc1 Ne4 17.Ned4 Qd6 18.Re1 Nxd4 19.Nxd4 Bc7 20.f4 Bb6 21.Be3 Nf6 22.Qf3 Re4
23.g3 Rae8 24.Kg2 Bxd4 25.cxd4 Qb4 26.Qf2 Rxe3  0-1

[Event "Anibal Open"]
[Site "Anibal Open ESP"]
[Date "2001.01.11"]
[Round "4"]
[White "Labib,I"]
[Black "Minasian,Art"]
[Result "1/2-1/2"]
[WhiteElo "2426"]
[BlackElo "2595"]

1.e4 e6 2.d4 d5 3.Nd2 Be7 4.Bd3 c5 5.dxc5 Nd7 6.exd5 exd5 7.Nb3 Ngf6 8.Be3 O-O
9.Nf3 Ne4 10.O-O Ndxc5 11.Nxc5 Nxc5 12.Nd4 Nxd3 13.Qxd3 Bd6 14.Rfe1 Qh4 15.Nf3 Qh5
16.Qd4 Bg4 17.Bf4 Bxf4 18.Qxf4 Bxf3 19.Qxf3 Qxf3 20.gxf3 Rfe8 21.Rxe8+ Rxe8
22.Rd1 Rd8 23.Rd4 Kf8 24.c4 Ke7 25.cxd5 Kd6 26.Kg2 Rc8 27.Rg4 g6 28.Rh4 h5
29.Rb4 b6 30.Kg3 Kxd5 31.Rf4 Rc7 32.h4 f5 33.Rb4 Rc2 34.Rb3 Kc4 35.Kg2 f4
36.Ra3 a5 37.Ra4+ Kc5 38.b3 Rb2 39.Rc4+ Kb5 40.a4+ Ka6 41.Rc3 Rb1 42.Kh2 Ka7
43.Kh3 Kb7 44.Kg2 Rb2 45.Kf1 b5 46.axb5 Kb6 47.Rc6+ Kxb5 48.Rxg6 Rxb3 49.Rg5+ Ka6
50.Rxh5 a4 51.Rh8 Rb7 52.Rd8 Ra7 53.Kg2 a3 54.Rd1 Kb5 55.Kh3 a2 56.Ra1 Kc4
57.Kg4 Kb3 58.Kxf4 Ra5 59.Kg4 Kb2 60.Rxa2+ Rxa2 61.h5 Kc3 62.h6 Kd4 63.h7 Ra8
64.Kf5 Rh8 65.Kg6  1/2-1/2

[Event "Czech Extra League 2000-1"]
[Site "CZE"]
[Date "2001.01.13"]
[Round "4"]
[White "Bazant,P jr"]
[Black "Netusil,M"]
[Result "0-1"]
[WhiteElo "2293"]
[BlackElo "2286"]

1.e4 e6 2.d4 d5 3.Nd2 Be7 4.c3 dxe4 5.Nxe4 Nd7 6.Bd3 Ngf6 7.Ne2 Nxe4 8.Bxe4 c5
9.O-O cxd4 10.Nxd4 O-O 11.Qc2 h6 12.Be3 Nf6 13.Bf3 Nd5 14.Rad1 Nxe3 15.fxe3 Qc7
16.Kh1 Qe5 17.Be4 Rb8 18.a4 Bd7 19.b3 a6 20.c4 Qc7 21.Qe2 g6 22.Qg4 Kg7 23.Rxf7+ Rxf7
24.Qxg6+ Kf8 25.Qxh6+ Kg8 26.Nxe6 Bxe6 27.Qxe6 Bf6 28.Bd5 Kf8 29.Rf1 Qe7
30.Qf5 Rd8 31.e4 Rxd5 32.cxd5 Be5 33.Qc8+ Kg7 34.Qg4+ Kh8 35.Qh5+ Rh7 36.Qf5 Rxh2+
37.Kg1 Qc5+ 38.Rf2 Qc1+ 39.Rf1 Qc5+ 40.Rf2 Qc1+ 41.Rf1 Qe3+ 42.Rf2 Qe1+ 43.Rf1 Rxg2+  0-1

[Event "Czech Extra League 2000-1"]
[Site "CZE"]
[Date "2001.01.14"]
[Round "5"]
[White "Drbohlav,F"]
[Black "Hausner,I"]
[Result "1/2-1/2"]
[WhiteElo "2266"]
[BlackElo "2417"]

1.e4 e6 2.d4 d5 3.Nd2 Be7 4.Bd3 c5 5.dxc5 Nf6 6.Ngf3 dxe4 7.Nxe4 Nxe4 8.Bxe4 Qxd1+
9.Kxd1 Bxc5 10.Ke2 Nd7 11.Rd1 Ke7 12.c4 Nf6 13.Bc2 b6 14.Ne5 Bb7 15.b3 Rhd8
16.Bb2 Rac8 17.f3 Rxd1 18.Rxd1 Rc7 19.g4  1/2-1/2

[Event "Open"]
[Site "Ubeda ESP"]
[Date "2001.01.23"]
[Round "3"]
[White "Reinaldo Castineira,R"]
[Black "Anastasian,A"]
[Result "0-1"]
[WhiteElo "2442"]
[BlackElo "2548"]

1.e4 e6 2.d4 d5 3.Nd2 Be7 4.Bd3 dxe4 5.Nxe4 Nf6 6.Nf3 Bd7 7.O-O Bc6 8.Ned2 Nbd7
9.Nc4 O-O 10.Na5 Bd5 11.c4 Bxf3 12.Qxf3 c6 13.Nxb7 Qb6 14.Nc5 Nxc5 15.dxc5 Bxc5
16.Bg5 Bd4 17.Rab1 a5 18.Rfd1 Rfd8 19.Bh4 c5 20.a3 Rab8 21.b3 h6 22.Bc2 Qa6
23.Qe2 e5 24.Bxf6 Qxf6 25.Be4 g6 26.Bd5 Kg7 27.Kh1 Rd7 28.Rf1 Qd6 29.Qd2 Ra7
30.f4 exf4 31.Qxf4 Qxf4 32.Rxf4 f5 33.g3 Re7 34.b4 axb4 35.axb4 Be3 36.Rf3 cxb4
37.Kg2 Bc5 38.Kf1 h5 39.Rd3 Re3 40.Rxe3 Bxe3 41.Rb3 Bc5 42.Kg2 Re8 43.Bf3 Re1
44.h3 Rg1+ 45.Kh2 Rc1 46.Bd5 Rc2+ 47.Kh1 Rc3  0-1

[Event "Open"]
[Site "Ubeda ESP"]
[Date "2001.01.24"]
[Round "4"]
[White "Garcia Martinez,S"]
[Black "Riazantsev,A"]
[Result "1/2-1/2"]
[WhiteElo "2371"]
[BlackElo "2485"]

1.e4 e6 2.d4 d5 3.Nd2 Nc6 4.Ngf3 Nf6 5.e5 Nd7 6.Bb5 a6 7.Ba4 f6 8.exf6 Qxf6
9.Bxc6 bxc6 10.O-O Bd6 11.c4 O-O 12.c5 Bf4 13.Nb3 e5 14.Bxf4 Qxf4 15.Nxe5 Nxe5
16.dxe5 Qxe5 17.Qd2 Qf6 18.Nd4 Bd7 19.Rfe1 Rfe8 20.Rad1  1/2-1/2

[Event "4NCL"]
[Site "Birmingham ENG"]
[Date "2001.01.28"]
[Round "6"]
[White "Rutherford,E"]
[Black "Tidman,S"]
[Result "0-1"]
[WhiteElo "2050"]
[BlackElo "2042"]

1.e4 e6 2.d4 d5 3.Nd2 Be7 4.Bd3 c5 5.dxc5 Nf6 6.Qe2 Bxc5 7.Nb3 Bb6 8.Bg5 dxe4
9.Bxe4 Nbd7 10.Bh4 Qe7 11.c3 a5 12.Rd1 a4 13.Nd4 O-O 14.Ngf3 Qc5 15.Rd3 Re8
16.Nd2 Bc7 17.O-O Rb8 18.Rh3 b5 19.Bc6 e5 20.Bxf6 Nxf6 21.Bxe8 Bxh3 22.Nxb5 Bg4
23.Qc4 Qxc4 24.Nxc4 Nxe8 25.Nxc7 Nxc7 26.Nxe5 Be6 27.Rd1 h6 28.Nc6 Rxb2  0-1

[Event "9th Aosta Valley"]
[Site "Saint Vincent ITA"]
[Date "2001.02.08"]
[Round "6"]
[White "Ripari,M"]
[Black "Naumkin,I"]
[Result "1/2-1/2"]
[WhiteElo "2301"]
[BlackElo "2446"]

1.e4 e6 2.d4 d5 3.Nd2 Nc6 4.Ngf3 Nf6 5.e5 Nd7 6.b3 Be7 7.Bb2 O-O 8.c4 f6
9.exf6 Bxf6 10.Be2 b6 11.O-O Bb7 12.Rc1 Ne7 13.Re1 c5 14.Bf1 Nf5 15.Rxe6 Nxd4
16.Nxd4 Bxd4 17.Bxd4 cxd4 18.Nf3 Nc5 19.Re1 dxc4 20.Bxc4+ Kh8 21.Qxd4 Bxf3
22.Qxd8 Raxd8 23.gxf3 a5 24.Rcd1 g6 25.Kg2 Rxd1 26.Rxd1 Kg7 27.Kg3 Rf6 28.Rd4 Rf5
29.f4 Rf6 30.a3 Rc6 31.f3 Kf6 32.Rd5  1/2-1/2

[Event "9th Aosta Valley"]
[Site "Saint Vincent ITA"]
[Date "2001.02.10"]
[Round "8"]
[White "Ripari,M"]
[Black "Drasko,M"]
[Result "0-1"]
[WhiteElo "2301"]
[BlackElo "2510"]

1.e4 e6 2.d4 d5 3.Nd2 Be7 4.Bd3 c5 5.dxc5 Nf6 6.Qe2 Nc6 7.Ngf3 a5 8.a4 Nb4
9.O-O Nxd3 10.cxd3 Bxc5 11.Nb3 Be7 12.Bg5 h6 13.Bh4 Qb6 14.Qc2 Bd7 15.Bxf6 Bxf6
16.exd5 Rc8 17.Qd1 exd5 18.Re1+ Be6 19.d4 O-O 20.Ne5 Bf5 21.Re2 Bxe5 22.dxe5 Bg4  0-1

[Event "Open"]
[Site "Fajr IRI"]
[Date "2001.02.11"]
[Round "9"]
[White "Gharamian,T"]
[Black "Roghani,A"]
[Result "0-1"]
[WhiteElo "2151"]
[BlackElo "2210"]

1.e4 e6 2.d4 d5 3.Nd2 a6 4.Ngf3 c5 5.exd5 exd5 6.Be2 c4 7.O-O Bd6 8.Re1 Ne7
9.a4 Nbc6 10.b3 cxb3 11.Nxb3 Bg4 12.Nc5 Qc7 13.Rb1 Bxc5 14.dxc5 O-O 15.Bd3 h6
16.Bb2 Rad8 17.Qd2 Bxf3 18.gxf3 Ng6 19.Bxg6 fxg6 20.Re6 Kh7 21.Qd3 Rf5 22.Rbe1 Qf7
23.Kg2 Rg5+ 24.Kh1 Rf5 25.Kg2 d4 26.R6e4 Rf8 27.Qb3 Qf6 28.R1e3 Rg5+ 29.Kf1 Rxc5
30.Rd3 Rd8 31.Ba3 Rc3 32.Qxb7 Rxd3 33.cxd3 Rb8 34.Qxa6 Qxf3 35.Qxc6 Rb1+
36.Bc1 Qh1+ 37.Ke2 Rxc1 38.Qxc1 Qxc1 39.Rxd4 Qb2+ 40.Ke3 Qc1+ 41.Ke2 g5 42.h4 gxh4
43.Rxh4 Qg5 44.Re4 h5 45.Re3 Qg4+ 46.Kf1 Qxa4 47.Kg2 g5 48.Re4 Qd1 49.Re3 Kg6
50.Rf3 g4 51.Re3 h4 52.Re6+ Kf5 53.Re3 h3+ 54.Kh2 Qf1  0-1

[Event "ch-Pol u20"]
[Site "Brzeg Dolny POL"]
[Date "2001.02.13"]
[Round "7"]
[White "Mista,A"]
[Black "Bartel,Mat"]
[Result "1/2-1/2"]
[WhiteElo "2432"]
[BlackElo "2392"]

1.e4 e6 2.d4 d5 3.Nd2 Be7 4.Ngf3 Nf6 5.Bd3 c5 6.dxc5 dxe4 7.Nxe4 Nxe4 8.Bxe4 Qxd1+
9.Kxd1 Bxc5 10.Be3 Bxe3 11.fxe3 Nd7 12.c3 Ke7 13.Ke2 Nc5 14.Bc2 b6 15.Rhd1  1/2-1/2

[Event "12th Goodricke Open"]
[Site "Calcutta IND"]
[Date "2001.02.14"]
[Round "9"]
[White "Ravi,T"]
[Black "Barsov,A"]
[Result "0-1"]
[WhiteElo "2385"]
[BlackElo "2500"]

1.e4 e6 2.d4 d5 3.Nd2 Be7 4.Ngf3 Nf6 5.Bd3 c5 6.dxc5 dxe4 7.Nxe4 Nxe4 8.Bxe4 Qxd1+
9.Kxd1 Bxc5 10.Ke2 Nd7 11.Be3 Bxe3 12.Kxe3 Nc5 13.Ne5 f6 14.Nc4 Nxe4 15.Kxe4 Ke7
16.f4 b6 17.Rhd1 Ba6 18.Na3 h5 19.h4 Rh6 20.g3 e5 21.fxe5 fxe5 22.Re1 Ke6
23.Kf3 Rf8+ 24.Ke3 Rhf6 25.Kd2 Rf2+ 26.Kc3 R8f3+ 27.Kb4 Rxg3 28.Rad1 Rg4+
29.Kb3 Rf3+ 30.c3 Rd3 31.Nc2 Rxd1 32.Rxd1 Rxh4 33.Rd8 Re4  0-1

[Event "ch-ROM Women"]
[Site "Baile Tusnad ROM"]
[Date "2001.02.15"]
[Round "8"]
[White "Peptan,C"]
[Black "Calotescu,C"]
[Result "1-0"]
[WhiteElo "2461"]
[BlackElo "2206"]

1.e4 e6 2.d4 d5 3.Nd2 Nc6 4.c3 e5 5.dxe5 dxe4 6.Qa4 e3 7.fxe3 Ne7 8.Ngf3 Ng6
9.Bb5 Bd7 10.O-O Be7 11.e6 fxe6 12.Nd4 Nge5 13.Qb3 Qc8 14.Nc4 Nxc4 15.Nxc6 bxc6
16.Bxc4 Bf6 17.Qa3 Qd8 18.e4 Qe7 19.Qa5 O-O 20.Be3 Rfc8 21.e5 Bh4 22.Rad1 Rab8
23.b3 Qe8 24.Qxa7 Be7 25.Qd4 Rd8 26.Qg4 Kh8 27.Rf3 Bc8 28.Rdf1 Ra8 29.Rf7 Bf6
30.R1xf6 Rd1+ 31.Rf1  1-0

[Event "Masters"]
[Site "Bunratty IRL"]
[Date "2001.02.16"]
[Round "2"]
[White "Ferguson,M"]
[Black "Gunter,D"]
[Result "1-0"]
[WhiteElo "2374"]
[BlackElo "2140"]

1.e4 e6 2.d4 d5 3.Nd2 Be7 4.Bd3 dxe4 5.Nxe4 Nf6 6.Nxf6+ Bxf6 7.Nf3 O-O 8.h4 g6
9.h5 Nd7 10.hxg6 hxg6 11.Bf4 c5 12.Ne5 Nxe5 13.dxe5 Bg7 14.Qg4 Qd4 15.Qh4 Re8
16.O-O-O Bxe5 17.Bxe5 Qxe5 18.Bb5  1-0

[Event "Masters"]
[Site "Bunratty IRL"]
[Date "2001.02.17"]
[Round "4"]
[White "Connolly,S"]
[Black "Orr,M"]
[Result "1/2-1/2"]
[WhiteElo "2083"]
[BlackElo "2315"]

1.e4 e6 2.d4 d5 3.Nd2 Be7 4.c3 c5 5.exd5 Qxd5 6.Ngf3 Nf6 7.Bc4 Qd8 8.O-O O-O
9.Nb3 Nbd7 10.dxc5 Nxc5 11.Be3 Qc7 12.Nxc5 Bxc5 13.Bxc5 Qxc5 14.Qd4 Qxd4
15.Nxd4 Bd7  1/2-1/2

[Event "Chess Circuit IM"]
[Site "Helsinki FIN"]
[Date "2001.02.17"]
[Round "6"]
[White "Sarakauskas,G"]
[Black "Kekki,P"]
[Result "1/2-1/2"]
[WhiteElo "2408"]
[BlackElo "2297"]

1.e4 e6 2.d4 d5 3.Nd2 a6 4.Ngf3 c5 5.exd5 exd5 6.Qe2+ Be7 7.dxc5 Nf6 8.Qd3 O-O
9.Be2 Bxc5 10.Nb3 Ba7 11.Bg5 Re8 12.O-O Nc6 13.Rae1 h6 14.Bh4 g5 15.Bg3 Ne4
16.Nfd4 Qf6 17.c3 Nxd4 18.cxd4 Bf5 19.Qd1 Qc6 20.Bd3 Nxg3 21.fxg3 Bxd3 22.Qxd3 Re4
23.Rc1 Qd7 24.Rf6 Re6 25.Qf5 Rae8 26.Rf1 R8e7 27.h4 gxh4 28.Qg4+ Kf8 29.Qxh4 Rxf6
30.Rxf6 Re6 31.Rxh6 Rxh6 32.Qxh6+ Ke7 33.Qf4 Qa4 34.Nc5 Bxc5 35.dxc5 Qd1+
36.Kh2 Kf8 37.g4 d4 38.Qb8+ Kg7 39.Qxb7 Qxg4 40.Qb4 Qf4+ 41.Kg1 Qe3+ 42.Kf1 d3
43.Qg4+ Kf8 44.Qc8+ Kg7 45.Qg4+ Kf8  1/2-1/2

[Event "Bundesliga 2000-1"]
[Site "Solingen GER"]
[Date "2001.02.17"]
[Round "8"]
[White "Emms,J"]
[Black "Mueller,Ka"]
[Result "1/2-1/2"]
[WhiteElo "2527"]
[BlackElo "2513"]

1.e4 e6 2.d4 d5 3.Nd2 a6 4.Ngf3 c5 5.c3 Nc6 6.Bd3 cxd4 7.cxd4 dxe4 8.Nxe4 Bb4+
9.Nc3 Nf6 10.O-O O-O 11.a3 Be7 12.Bc2 b6 13.Re1 Bb7 14.Qd3 g6 15.Bh6 Re8
16.Rad1 Rc8 17.Bb3 Na5 18.Ba2 Nd5 19.Ne5 Bf8 20.Bxf8 Rxf8 21.Nxd5 exd5 22.Re2 b5
23.Rde1 Nc4 24.Qg3 Nd6 25.Qf4 Rc7 26.h4 h5 27.g3 Kg7 28.Nd3 Qf6 29.Qxf6+ Kxf6
30.Nc5 Nc4 31.Bb1 Bc8 32.Kg2 a5 33.f3 Rd8 34.Kf2 Bf5 35.Bxf5 Kxf5 36.Re7 Rxe7
37.Rxe7 Kf6 38.Rb7 Nxb2 39.Rb6+ Ke7 40.Rxb5 Nc4 41.a4 Rd6 42.Nd3 Rb6 43.Rxd5 Rb3
44.Ne5 Rb2+ 45.Ke1 Ne3 46.Rxa5 Nf5 47.Ra7+ Ke6 48.Nxf7 Nxg3 49.Ng5+ Kd5 50.Rd7+ Kc4
51.d5 Re2+ 52.Kd1 Kd3 53.Kc1 Ra2 54.Kb1 Rxa4 55.d6 Ne2 56.Ne4 Nc3+ 57.Nxc3 Kxc3
58.Rc7+ Kb3 59.Rb7+ Kc3 60.Rc7+ Kb3 61.d7 Rd4 62.Kc1 Rd6 63.f4 Rd5 64.Rb7+ Kc3
65.Rc7+ Kb3 66.Rc6 Rxd7 67.Rxg6 Rf7 68.Rg5 Rxf4 69.Rxh5 Kc3 70.Rc5+ Kb4 71.Rc8 Rxh4
72.Kd2  1/2-1/2

[Event "Czech Extra League 2000-1"]
[Site "CZE"]
[Date "2001.02.25"]
[Round "7"]
[White "Prandstetter,E"]
[Black "Hausner,I"]
[Result "0-1"]
[WhiteElo "2410"]
[BlackElo "2417"]

1.e4 e6 2.d4 d5 3.Nd2 Be7 4.Ngf3 Nf6 5.Bd3 c5 6.dxc5 dxe4 7.Nxe4 Nxe4 8.Bxe4 Qxd1+
9.Kxd1 Bxc5 10.Ke2 Nd7 11.c3 Nf6 12.Bd3 O-O 13.Nd2 b6 14.Nb3 Be7 15.f3 Bb7
16.Rd1 e5 17.a4 e4 18.fxe4 Nxe4 19.Kf1 Rad8 20.Be2 Rxd1+ 21.Bxd1 Bd6 22.g3 Re8
23.a5 b5 24.Be2 a6 25.Nd2 Nxd2+ 26.Bxd2 Bg2+ 27.Kf2 Bc5+  0-1

[Event "5th United Insurance"]
[Site "Dhaka BAN"]
[Date "2001.02.28"]
[Round "9"]
[White "Vakhidov,T"]
[Black "Rahman,Zia"]
[Result "1/2-1/2"]
[WhiteElo "2482"]
[BlackElo "2447"]

1.d4 e6 2.e4 d5 3.Nd2 Be7 4.Bd3 c5 5.dxc5 Nf6 6.Qe2 Nc6 7.Ngf3 Nb4 8.exd5 Qxd5
9.Bb5+ Bd7 10.Bxd7+ Nxd7 11.Nb3 Nxc5 12.Nxc5 Qxc5 13.c3 Nd5 14.O-O Bf6 15.Nd2 Qc7
16.Ne4 Be7 17.Qb5+ Qd7 18.Qxd7+ Kxd7 19.c4 Nb6 20.b3 Rhd8 21.Bb2 f6 22.Rfd1+ Kc6
23.Kf1 h5 24.Ke2 f5 25.Nd2 Bf6 26.Bxf6 gxf6 27.Nf3 Kc5  1/2-1/2

[Event "Spring"]
[Site "Alushta UKR"]
[Date "2001.03.08"]
[Round "?"]
[White "Losev,D"]
[Black "Radjabov,T"]
[Result "0-1"]
[WhiteElo "2396"]
[BlackElo "2483"]

1.e4 e6 2.d4 d5 3.Nd2 Be7 4.Bd3 c5 5.dxc5 Nf6 6.Qe2 Nc6 7.Ngf3 Nb4 8.Nb3 Nxd3+
9.cxd3 a5 10.Bg5 a4 11.Nbd2 h6 12.Bxf6 Bxf6 13.e5 Be7 14.d4 Qa5 15.O-O O-O
16.Rfc1 b6 17.Qe3 Rb8 18.Rc2 Ba6 19.Rac1 Rfc8 20.h3 bxc5 21.dxc5 Rb5 22.c6 Qb6
23.Qd4 Rb4 24.Qxb6 Rxb6 25.Nd4 Bd3 26.Rc3 Bg6 27.b3 Bb4 28.bxa4 Bxc3 29.Rxc3 f6
30.f4 Be8 31.a5 Rb4 32.N2b3 fxe5 33.fxe5 Rc4 34.Rg3 Bxc6 35.Nxe6 g5 36.Nbd4 Bd7
37.Rf3 Bxe6 38.Nxe6 d4 39.Rd3 Re8 40.Rxd4 Rc1+ 41.Kh2 Rxe6  0-1

[Event "TCh-FIN 00-01"]
[Site "FIN"]
[Date "2001.03.11"]
[Round "9"]
[White "Kujala,A"]
[Black "Kekki,P"]
[Result "1/2-1/2"]
[WhiteElo "2300"]
[BlackElo "2297"]

1.e4 e6 2.d4 d5 3.Nd2 a6 4.Ngf3 c5 5.dxc5 Bxc5 6.Bd3 Nc6 7.O-O Nf6 8.Qe2 Nb4
9.e5 Nd7 10.Nb3 Be7 11.Bd2 Nxd3 12.cxd3 O-O 13.Rac1 Re8 14.Nfd4 Bf8 15.Rc2 g6
16.Rfc1 Bg7 17.Nf3 f6 18.d4 b6 19.Rc6 a5 20.Bf4 Ba6 21.Qc2 Bb5 22.Rc7 Bc4
23.exf6 Bxf6 24.Nbd2 e5 25.Rxd7 Qxd7 26.dxe5 Bg7 27.Nxc4 dxc4 28.Qxc4+ Qf7
29.Qxf7+ Kxf7 30.Rc7+ Re7 31.Rc6 b5 32.Kf1 b4 33.Ke2 Ke8 34.Ke3 Raa7 35.Rb6 Reb7
36.Re6+ Re7 37.Rb6  1/2-1/2

[Event "17th Spring Festival"]
[Site "Budapest HUN"]
[Date "2001.03.16"]
[Round "1"]
[White "Schneider,V"]
[Black "Jamrich,G"]
[Result "0-1"]
[WhiteElo "2243"]
[BlackElo "2283"]

1.e4 e6 2.d4 d5 3.Nd2 Be7 4.c3 c5 5.exd5 exd5 6.Bb5+ Nc6 7.Ngf3 Nf6 8.O-O O-O
9.Re1 Bf5 10.dxc5 Bxc5 11.Nb3 Bb6 12.Bg5 a6 13.Bd3 Be6 14.Bc2 h6 15.Bh4 Re8
16.Qd3 g6 17.Qd2 Kg7 18.Re2 Rh8 19.h3 Qd7 20.Rae1 Nh5 21.Nbd4 Rhe8 22.Nxe6+ Rxe6
23.Rxe6 fxe6 24.g4 Rf8 25.gxh5 Rxf3 26.Kg2 Rf8 27.hxg6 e5 28.Bg3 Rf6 29.Be4 d4
30.Kh2 Bc7 31.Kg2 Bb6 32.Re3 Qe6 33.Rd3 Ne7 34.cxd4 Bxd4 35.Bh4 Rf4 36.Bxe7 Qxe7
37.Qe2 Rxf2+ 38.Qxf2 Bxf2 39.Kxf2 Qh4+ 40.Ke3 Qf4+  0-1

[Event "TCh-SVK"]
[Site "SVK"]
[Date "2001.03.17"]
[Round "10"]
[White "Klein,P"]
[Black "Lednicky,M"]
[Result "1/2-1/2"]
[WhiteElo "2068"]
[BlackElo "2159"]

1.e4 e6 2.d4 d5 3.Nd2 Nc6 4.c3 dxe4 5.Nxe4 Qd5 6.Ng3 e5 7.dxe5 Qxd1+ 8.Kxd1 Nxe5
9.Bf4 Bd6 10.Kc2 Be6 11.Bxe5 Bxe5 12.Re1 Bf6 13.Bc4 Kd7 14.Bxe6+ fxe6 15.Nf3 Rf8
16.Rd1+ Ke7 17.Rhe1 Nh6 18.Re2 Re8 19.Ne4 b6 20.Neg5 Bxg5 21.Nxg5 Kf6 22.Ne4+ Ke7
23.Rde1 Nf7 24.Ng3 Nd8 25.Nf5+ Kf7 26.Ng3 Rhf8 27.f3 Nb7 28.Ne4 h6 29.Rd1 Rd8
30.Red2 Rxd2+ 31.Rxd2 Ke7 32.Rd4 a5 33.b3 g5 34.Nf2 Nd6 35.Ng4 Nf5 36.Rd3 Ra8
37.Ne5 Nd6 38.Ng4 h5 39.Ne5 a4 40.Kb2 Kf6 41.Nc6 axb3 42.axb3 g4 43.f4 h4
44.Nd4 Ra5 45.Re3 e5 46.fxe5+ Rxe5 47.Rxe5 Kxe5 48.Kc2 c5 49.Ne2 Ke4 50.Kd2 Nf5
51.c4 Nd4 52.Nc3+ Ke5 53.Na4 Nxb3+ 54.Ke3 Nd4 55.Nxb6 Nf5+ 56.Kd3 h3 57.gxh3 gxh3
58.Ke2 Ng3+ 59.Kf3 Nf1  1/2-1/2

[Event "Czech Extra League 2000-1"]
[Site "CZE"]
[Date "2001.03.18"]
[Round "9"]
[White "Jirovsky,Pe"]
[Black "Votruba,P"]
[Result "1-0"]
[WhiteElo "2371"]
[BlackElo "2315"]

1.e4 e6 2.d4 d5 3.Nd2 Nc6 4.Ngf3 Nf6 5.e5 Nd7 6.c3 f6 7.Bb5 a6 8.Bxc6 bxc6
9.O-O f5 10.c4 dxc4 11.Nxc4 Nb6 12.Na5 Qd5 13.Bd2 Nc4 14.Nxc4 Qxc4 15.Rc1 Qd5
16.Qa4 Bd7 17.Qa5 Ra7 18.b3 Be7 19.Rc4 O-O 20.Rfc1 Rb8 21.Qxd5 exd5 22.R4c2 Ba3
23.Re1 a5 24.e6 Be8 25.Ne5 Rb6 26.Nd7 Rba6 27.Re5 Ra8 28.Rc3 Bd6 29.Rxf5 Bxd7
30.exd7 Rd8 31.Re3 Raa8 32.Rff3 Rxd7 33.Re2 Re7 34.Kf1 Rxe2 35.Kxe2 Bb4 36.Bf4 Bd6
37.g3 Re8+ 38.Re3 Kf7 39.Rxe8 Kxe8 40.Bd2 Bb4 41.a4 c5 42.dxc5 Bxc5 43.Bxa5 Kd7
44.Bc3 g6 45.f4 c6 46.Kd3 Bg1 47.Bd4 Bxh2 48.Bf2 h5 49.Ke3 h4 50.gxh4 c5
51.Kf3 Kc6 52.Be3 d4 53.Bd2  1-0

[Event "Belgian Interteams 2000-1"]
[Site "BEL"]
[Date "2001.03.25"]
[Round "11"]
[White "Van Beers,E"]
[Black "Vandevoort,P"]
[Result "0-1"]
[WhiteElo "2328"]
[BlackElo "2340"]

1.e4 e6 2.d4 d5 3.Nd2 Be7 4.Bd3 c5 5.dxc5 Nf6 6.e5 Nfd7 7.Ngf3 Nc6 8.Qe2 Qc7
9.Nb3 Ncxe5 10.Nxe5 Nxe5 11.O-O Nxd3 12.Qxd3 O-O 13.Be3 b6 14.cxb6 axb6 15.Rfe1 Ra4
16.Bd4 Bd6 17.h3 e5 18.Bc3 d4 19.Bd2 Bb7 20.Qf5 Qc6 21.f3 g6 22.Qe4 Qc7 23.Qh4 f5
24.c3 e4 25.Nxd4 exf3 26.gxf3 Bxf3 27.Bf4 Be4 28.Ne6 Bc5+ 29.Kh2 Qf7 30.Nxf8 Bxf8
31.b3 Ra8 32.Qf2 Bc5 33.Qd2 Qf6 34.b4 Rd8 35.Qe2 Bd6 36.Qc4+ Kg7 37.Qf1 Qxc3
38.Bxd6 Rxd6 39.Re2 Qe5+ 40.Kg1 Rd3 41.Rxe4 fxe4 42.Kh1 Rf3  0-1

[Event "Tch-NED"]
[Site "NED"]
[Date "2001.03.25"]
[Round "8"]
[White "Kroeze,F"]
[Black "Glek,I"]
[Result "1/2-1/2"]
[WhiteElo "2374"]
[BlackElo "2551"]

1.e4 e6 2.d4 d5 3.Nd2 Be7 4.Ngf3 Nf6 5.Bd3 c5 6.dxc5 dxe4 7.Nxe4 Nxe4 8.Bxe4 Qxd1+
9.Kxd1 Bxc5 10.Ke2 Nd7 11.Be3 Bxe3 12.Kxe3 Nc5 13.Rhd1 Nxe4 14.Kxe4 f6 15.Rd3 Bd7
16.Nd4 g6 17.f4 O-O-O 18.Ke3 Rhe8 19.Re1 h6 20.h4 e5 21.fxe5 Rxe5+ 22.Kf2 Rxe1
23.Kxe1 Re8+ 24.Kf2 Re4 25.g3 g5 26.hxg5 fxg5 27.c3 Bg4 28.Rd2 Re5 29.Kg2 h5
30.Nf3 Ra5 31.a3 Bd7 32.Kf2 Kc7 33.Ke3 Bc6 34.Rh2 Rf5 35.Nd4 Re5+ 36.Kd2 Be8
37.Nf3 Rf5 38.Ke3 a5 39.b4 a4 40.c4 Bc6 41.Nd4 Re5+ 42.Kd2 Be8 43.Nf3 Rf5
44.Ke3 g4 45.Nd2 Bg6 46.Rf2 Re5+ 47.Kd4 Re7 48.Rf6 Rd7+ 49.Kc5 Bc2 50.Nf1 Rd3
51.Rf7+ Kc8 52.Re7 Bd1 53.Ne3  1/2-1/2

[Event "TCh-FRA"]
[Site "Bordeaux FRA"]
[Date "2001.03.29"]
[Round "4"]
[White "Adams,Mi"]
[Black "Legky,N"]
[Result "1-0"]
[WhiteElo "2746"]
[BlackElo "2477"]

1.e4 e6 2.d4 d5 3.Nd2 a6 4.Ngf3 Nf6 5.e5 Nfd7 6.Bd3 c5 7.c3 Nc6 8.O-O g5
9.dxc5 g4 10.Nd4 Ndxe5 11.N2b3 Bd7 12.Be2 Rg8 13.f4 gxf3 14.Nxf3 Qc7 15.Ng5 Rg7
16.Bh5 Be7 17.Nf3 O-O-O 18.Bh6 Rgg8 19.Nfd4 Bg5 20.Bxg5 Rxg5 21.Be2 Rdg8
22.Rf2 Ng4 23.Bxg4 Rxg4 24.Nxc6 Qxc6 25.Qe2 a5 26.a4 Be8 27.h3 Rxa4 28.Rxa4 Qxa4
29.Nd4 Qc4 30.Qh5 Qd3 31.Qh4 a4 32.Qe7 Qd1+ 33.Kh2 Qe1 34.Re2 Qg3+ 35.Kh1 Qc7
36.Rxe6 Bd7 37.Rd6 Be6 38.Rxe6  1-0

[Event "TCh-FRA"]
[Site "Bordeaux FRA"]
[Date "2001.03.29"]
[Round "4"]
[White "Godena,M"]
[Black "Crut,A"]
[Result "1-0"]
[WhiteElo "2474"]
[BlackElo "2303"]

1.e4 e6 2.d4 d5 3.Nd2 a6 4.Ngf3 c5 5.exd5 exd5 6.dxc5 Bxc5 7.Nb3 Bb6 8.Bg5 Ne7
9.Qd2 Nbc6 10.Be2 O-O 11.O-O Bg4 12.Rad1 Rc8 13.Rfe1 Re8 14.c3 Qd7 15.Be3 Bxe3
16.Qxe3 Ng6 17.Qd2 Rcd8 18.Nfd4 Bxe2 19.Rxe2 Rxe2 20.Qxe2 Re8 21.Qd2 Nxd4
22.Nxd4 h6 23.Nc2 Qa4 24.Nb4 d4 25.cxd4 a5 26.Nd5 Qxa2 27.Ne3 Rd8 28.d5 a4
29.Qd4 a3 30.Nf5 f6 31.Qg4 Kh7 32.bxa3 Rxd5 33.Rxd5 Qxd5 34.Qxg6+  1-0

[Event "It"]
[Site "Oakham ENG"]
[Date "2001.03.31"]
[Round "3"]
[White "Estrada Nieto,J"]
[Black "Gormally,D"]
[Result "1/2-1/2"]
[WhiteElo "2372"]
[BlackElo "2505"]

1.e4 e6 2.d4 d5 3.Nd2 Be7 4.Ngf3 Nf6 5.Bd3 c5 6.dxc5 Bxc5 7.Qe2 Nc6 8.O-O Qc7
9.c4 dxc4 10.Nxc4 e5 11.Be3 Bxe3 12.Nxe3 O-O 13.Nd5 Qd6 14.Bc4 Bg4 15.Qe3 Bxf3
16.Qxf3 Nxd5 17.Bxd5 Nd4 18.Qd3 Rac8 19.Rac1 Qb4 20.b3 Rxc1 21.Rxc1 Qa3 22.Re1 Rc8
23.h3 Qxa2 24.Bxb7 Rc2 25.Qe3 Qxb3 26.Bd5 Qb6 27.Rf1 Ne2+ 28.Kh2 Nf4 29.Qxb6 axb6
30.Ra1 g6 31.Kg3 Rc3+ 32.Kh2 Rc5 33.Bb3 Ra5 34.Rd1 Ra3 35.Bc4 Rc3 36.Rd8+ Kg7
37.Bd5 Rc2 38.Kg1 Ne2+ 39.Kh2 Nd4 40.Kg1 Rc7 41.Rb8 b5 42.g4 Ne2+ 43.Kh2 Nf4
44.Rxb5 Rc3 45.Rb7 Rxh3+ 46.Kg1 Nxd5 47.exd5 Rd3 48.Rd7 Rd4 49.f3 e4 50.Kf2 exf3
51.Kxf3 Kf6 52.d6 h6 53.Rd8 Kg5 54.d7 Rd6 55.Ke4 Kf6 56.Kf3 Kg7 57.Ke4 f6
58.Kf4 Kf7 59.Rh8 Rxd7 60.Rxh6 Rd3 61.Rh7+ Ke6 62.g5 Rd4+ 63.Ke3 Ra4 64.gxf6 Kxf6
65.Rb7 Kf5 66.Kf3 Ra3+ 67.Kg2 g5 68.Rb8 g4  1/2-1/2